[Event "Novgorod"]
[Site "Novgorod"]
[Date "1997.06.13"]
[Round "3"]
[White "Gelfand, Boris"]
[Black "Topalov, Veselin"]
[Result "1-0"]
[WhiteElo "2700"]
[BlackElo "2725"]
[Annotator "Gelfand,B"]
[PlyCount "83"]
[EventDate "1997.06.11"]
[EventType "tourn"]
[EventRounds "10"]
[EventCountry "RUS"]
[EventCategory "19"]
[SourceTitle "CBM 060"]
[Source "ChessBase"]
[SourceDate "1997.09.29"]
[SourceVersion "1"]
[SourceVersionDate "1997.09.29"]
[SourceQuality "1"]

1. d4 Nf6 2. Nf3 e6 3. c4 b6 4. Nc3 Bb7 5. a3 d5 6. Bg5 Be7 7. Qa4+ c6 {
This move leads to a position which is a little bit passive, but nevertheless
very solid, similiar to QGD. Other moves are} (7... Bc6) (7... Qd7) (7... Nfd7
8. Bf4 dxc4 9. Qxc4 c5 10. d5 exd5 11. Nxd5 b5 12. Qe4 Bxd5 13. Qxd5 $16 {
1/2-1/2 Gelfand,B-Timman,J/Groningen (07) 1996 (60)}) 8. Bxf6 Bxf6 9. cxd5 exd5
10. g3 O-O 11. Bg2 c5 12. Rd1 Qe7 13. O-O Rd8 14. e3 Na6 15. Rd2 (15. Rfe1 Nc7
16. h4 (16. Qc2 Ne6 17. h4 Rac8 18. Rd2 a6 19. Qd1 b5 20. Ne5 b4 21. axb4 cxb4
22. Na4 a5 23. Nd3 Bc6 {1/2-1/2 Spraggett,K-Kortschnoj,V/Enghien Les Bains (5)
;CBM 58 1997 (62)}) 16... Ne6 17. Nh2 g6 18. Qb3 c4 19. Qc2 Bg7 20. f4 Nc7 21.
Nf3 b5 22. Ne5 f6 23. Nf3 a5 24. e4 dxe4 25. Nxe4 Qf7 26. h5 {1-0 Wells,
P-Almasi,Z/HUN-chT1 9495 (12) ;EXT 95ch 1995 (40)}) (15. Qb3 Rab8 16. Rd2 Nc7
17. Rfd1 g6 18. Qa2 Bg7 19. Ne5 b5 20. f4 b4 21. axb4 cxb4 22. Na4 f6 23. Nf3
Qxe3+ 24. Kh1 Qe6 25. Nc5 Qb6 26. f5 Bc8 {1/2-1/2 Tyomkin,D-Kortschnoj,V/Beer
Sheva16th (4) ;CBM 58 1997 (60)}) 15... Nc7 16. Rfd1 Ne6 $6 {I think that this
move is a mistake, as the Knight is better placed on c7, defending the pawn on
d5 and keeping control of e5} (16... g6) (16... c4 $5 {Poluljahov,A /\ a5, b5})
17. h4 g6 18. Qb3 $146 {Only this move is new.White has got a pleasent edge in
the following game} (18. Nh2 $5 {Poluljahov,A} cxd4 19. exd4 h5 20. Nf3 (20.
Nf1 $5 {Poluljahov,A /\ Ne3 ><d5}) 20... a6 21. Re1 b5 22. Qd1 Qd6 23. Bh3 Ng7
24. Ne5 Bc8 $1 25. Bg2 Be6 $2 (25... Bb7 $11 {Poluljahov,A}) 26. Ne2 $1 {
1-0 Poluljahov,A-Hjartarson,J/New York (open) 67/584 1996 (58) /\ Nf4+/-})
18... h5 $6 {This weakens g5, an important square . As h4-h5 is not a threat,
it was unnecessary.} (18... Bg7 19. Nh2 (19. Qa2 a6 20. Nh2 c4) 19... Nc7 {
The knight belongs to c7 square!} (19... c4 $5 20. Qc2 a6 21. Nf3 f5 $13) 20.
dxc5 $140 Bxc3 21. bxc3 Qxc5) 19. Qa2 a6 $6 {Now White forces a welcome
simplification to achieve positional superiority} (19... Nc7 $5 {Was again
called for}) (19... c4 20. b3) 20. dxc5 $1 Bxc3 21. bxc3 Qxc5 {The only way to
keep material equal,as after} (21... Nxc5 22. Ng5 {Black loses the d5 pawn, as
h7-h6 is not possible (pawns cannot go back!)} Na4 (22... Ne4 $4 23. Bxe4 $1)
23. Bxd5 (23. Qb3 b5 24. Bxd5 Rxd5 25. Rxd5 Bxd5 26. Rxd5 Rc8 27. Qb4 $16)
23... Rxd5 (23... Nxc3 24. Bxf7+ Kf8 25. Rxd8+ Rxd8 26. Rxd8+ Qxd8 27. Ne6+ $18
) 24. Rxd5 Bxd5 (24... Nxc3 25. Rd8+) 25. Qxd5 $16) (21... bxc5 22. Nh2) 22.
Nd4 Nxd4 (22... Qxc3 $2 23. Rc2 Qa5 24. Nxe6 fxe6 25. Rc7) 23. cxd4 (23. Rxd4
Qxc3 24. e4 Qc5 25. exd5 Qd6 $14) 23... Qd6 24. Rc1 {White establishes control
over the c-file} Rac8 25. Rdc2 Rxc2 26. Rxc2 $16 Bc6 $1 27. Rc3 (27. Bf1 Bd7 $5
28. Bxa6 $140 Ra8) 27... Bb5 28. Qb2 $6 {Too ambitious. I decided to play for
an attack, because I was not sure if} (28. Bf1 Bxf1 29. Kxf1 $16 {<->c,would
be enough for victory.In particular, I thought that Black could give up his
'a' and 'b' pawns for White's 'a', exchange a pair of pieces, and thereby keep
some drawing chances. All the same, I should have tried it.}) 28... Qe6 (28...
Bc4 29. e4 f6 {the attempt to prevent e4-e5 doesn't work} 30. Qc1 Kg7 31. exd5
(31. Re3 Re8 32. Qc3 (32. exd5 Rxe3 33. Qxe3 b5 $11) 32... b5 33. e5 $36) 31...
b5 (31... Bxd5 32. Rc7+ Rd7 33. Rxd7+ Qxd7 34. Bxd5 Qxd5 35. Qc7+ $18) 32. Re3
Bxd5 33. Bxd5 Qxd5 34. Re7+ $18) 29. Qc1 Bc4 (29... Kg7 30. Bf1 Bxf1 31. Kxf1
$16) 30. e4 b5 31. e5 Re8 {Black had alternatives leading to unclear positions
in all cases.} (31... Qg4 32. f4 (32. Rf3 Qxd4 33. e6 (33. Qg5 Rf8) 33... Rf8
34. Qg5 Qg4 $1 $11 (34... Qg7 35. Rf6 Kh7 36. Qf4 d4 37. Be4 Kg8 (37... Bxe6
38. Bxg6+) 38. e7 Re8 39. Qd6 $18)) 32... Qe6 33. Re3 a5 34. Kh2 $13) (31...
Qb6 32. Qf4 {-similiar to the game} (32. Qg5 Rf8 33. Rf3 Qxd4 34. e6 {-31...Qg4
})) (31... Rf8 $5 32. Re3 a5 33. Kh2 $13) 32. Kh2 {/\Bh3} (32. Re3 $5) 32...
Qb6 {My opponent misses a chance to equalize by} (32... f5 $1 33. exf6 Qxf6 34.
Qh6 (34. Rf3 Qxd4 35. Qg5 Kg7) 34... Rf8 (34... a5 35. Rf3 Qg7 36. Qg5 b4 37.
axb4 axb4 38. Rf6 Kh7 39. f4 Rf8 40. Rb6 $14) 35. Rf3 (35. Re3 Qg7) 35... Qg7)
33. Qf4 Rf8 34. Rf3 {White's task is to put all the pieces in attacking
positions and to breakthrough} (34. Bh3 f5 $5) 34... a5 (34... Kg7 35. Qe3 $1)
(34... Be2 35. Re3 Bc4 36. Bh3 Kg7 37. g4 hxg4 38. Bxg4 Qd8 (38... Rh8 39. e6)
39. h5 g5 (39... Rh8 40. e6) (39... f5 40. e6 Qf6 (40... Qh4+ 41. Rh3 Qxg4 42.
Qe5+ $18) 41. Bh3 $18) 40. Qf5 $16) 35. Bh3 {/\e6} Be2 36. Re3 Bc4 (36... Bg4
37. Bxg4 hxg4 38. Qxg4 $18) 37. Rf3 $138 (37. Qh6 $1) 37... Be2 38. Re3 Bc4 39.
Qg5 $2 {being short of time, I missed an easy win} (39. Qh6 Qxd4 40. e6 Qg7 41.
Qxg7+ Kxg7 42. e7 Re8 43. Bd7 $18 {I forgot about this last move.}) 39... Qxd4
40. e6 $6 {Mistakes normally come together. After I made this 40th move I
realised how Black could save the game.} (40. Rf3 $5 Qe4 (40... Qd1 41. Rf6 d4
42. Bf5 $18) 41. Rf4 $18 {Was still winning}) 40... Qb2 $4 (40... fxe6 $3 {
Believe it or not, but this move was leading to a draw} 41. Qxg6+ Qg7 42. Bxe6+
Kh8 43. Qxh5+ Qh7 44. Qe5+ Qg7 45. Bxd5 Rxf2+ 46. Kg1 Qxe5 47. Rxe5 Ra2 $11)
41. Rf3 {Now White is winning again} d4 (41... Qg7 42. e7 Re8 43. Bd7 f6 44.
Be6+ (44. Rxf6 Rxe7 45. Rxg6 Rxd7 46. Rxg7+ Rxg7 47. Qxh5 $18) 44... Kh7 45.
Rxf6 Rxe7 46. Rxg6 Qxg6 47. Qxe7+ $18) 42. Rxf7 (42. Rxf7 Rxf7 43. Qxg6+ Rg7
44. Qe8+ Kh7 45. Bf5+) 1-0

[Event "Winterthur op2"]
[Site "Winterthur"]
[Date "2002.10.19"]
[Round "9"]
[White "Gershon, Alik"]
[Black "Huss, Andreas"]
[Result "1-0"]
[WhiteElo "2556"]
[BlackElo "2354"]
[Annotator "Gershon,A"]
[PlyCount "67"]
[EventDate "2002.10.11"]
[EventType "swiss"]
[EventRounds "9"]
[EventCountry "SUI"]
[SourceTitle "CBM 092"]
[Source "ChessBase"]
[SourceDate "2003.02.06"]
[SourceVersion "1"]
[SourceVersionDate "2003.02.06"]
[SourceQuality "1"]

1. d4 e6 2. c4 Nf6 3. Nf3 b6 4. a3 d5 5. Nc3 Be7 6. Bf4 O-O 7. e3 Bb7 8. Rc1 c5
9. dxc5 Bxc5 (9... bxc5 {would have led to a more sharp position, but my
opponent wanted to keep the position as simple as possible.}) 10. b4 Be7 11.
Qb3 {avoiding any possible exhanges. black has problems with piece develoment,
and therefore, white must try to put as much pressure as possible on black's Q
side.} Nbd7 12. h3 {Preparing h2 for B's retreat as it's important to keep the
dark bishop.} a6 13. cxd5 $1 {after a prolonged thought i found a way to pose
black the most trouble in finishing his development. Black's idea was simple:
to capture on c4, play b5, followed by Nb6-d5 with approximate equality.} Nxd5
14. Nxd5 Bxd5 15. Qb1 $1 {the point! Now, white is threatening e4, followed by
Bc7 or Rc7, with unpleasant pressure} f5 (15... b5 16. e4 Bb7 17. Bc7 Qe8 18.
Bd3 $16) (15... Nf6 16. Bd3 {[%csl Rh7][%cal Ge3e4,Ge4e5]} Bxf3 17. gxf3 $16 {
[%cal Ge1e2,Gh1d1]}) 16. Bc4 $1 {exchanging the key defender of black's
position.} Nf6 17. O-O Qe8 18. Nd4 Qd7 19. Be5 $6 (19. Qd3 $142) 19... Bxc4 $2
(19... Rfc8 $1 {after this move, white would have lost all his advantage}) 20.
Rxc4 Qd5 21. Bxf6 Bxf6 22. Rfc1 {This position is much better for white, due
to black's numerous weaknesses, and white's control over the open file.} Rad8
23. Qc2 {[%cal Gc2e2] tranferring the Q to e2, where it can put pressure on
both a6 and e6 pawns} Rd7 (23... Bxd4 24. Rxd4 Qb7 25. Qc6 $16) 24. Qe2 f4 $2 {
leads to a lost position, but it's hard to give advises here.} (24... Rfd8 25.
Rc6 Bxd4 26. exd4 $16) 25. e4 Qe5 26. Nf3 $1 Qb2 27. R4c2 Qxa3 28. Qc4 {
while his Q is cut off the game, black cannot hope to defend his position
against white's whole army} Kf7 (28... Re8 29. Qc6 Rdd8 30. e5 Be7 31. Qxe6+
$18) 29. e5 Be7 30. Nd4 Rxd4 31. Qxd4 Qxb4 32. Rc4 Qb5 33. Rc7 Qe8 34. Qd6 {
black is helpless against threats like Rc6, and Rxe7..} 1-0

[Event "Dieren op"]
[Site "Dieren"]
[Date "1999.07.28"]
[Round "8"]
[White "Gershon, Alik"]
[Black "Hoeksema, Hendrik Pieter"]
[Result "1-0"]
[WhiteElo "2492"]
[BlackElo "2404"]
[Annotator "Gershon,A"]
[PlyCount "55"]
[EventDate "1999.07.20"]
[EventType "swiss"]
[EventRounds "9"]
[EventCountry "NED"]
[SourceTitle "CBM 071 Extra"]
[Source "ChessBase"]
[SourceDate "1999.09.14"]
[SourceVersion "1"]
[SourceVersionDate "1999.09.14"]
[SourceQuality "1"]

1. d4 Nf6 2. c4 e6 3. Nf3 b6 4. a3 Bb7 5. Nc3 d5 6. cxd5 Nxd5 7. Qc2 Be7 8. e4
Nxc3 9. bxc3 c5 10. Bd3 O-O 11. O-O Qc8 12. Qa2 Rd8 (12... Nd7 13. Bf4 (13. Qe2
a5 14. e5 Rd8 15. Rb1 cxd4 16. cxd4 Ba6 17. h4 h6 18. a4 Bb4 19. Be3 Bxd3 20.
Qxd3 Qb7 21. Qb5 Nf8 22. Rfc1 Ng6 23. Rc6 {1/2-1/2 Khalifman,A-Ivanchuk,V/
Elista 1998/CBM 65 (23)}) 13... Ba6 14. Qe2 Bxd3 15. Qxd3 cxd4 16. cxd4 Qb7 17.
a4 Rfd8 18. Rfe1 {1/2-1/2 Gurevich,D-Tiviakov,S/Las Vegas USA 1999 (18)}) (
12... Ba6 13. Bxa6 Nxa6 14. Rd1 (14. Bf4 cxd4 15. cxd4 Qb7 16. Qe2 Rac8 17.
Rfd1 Rfe8 18. Rd3 Nb8 19. Ne5 Nd7 20. Nxd7 Qxd7 21. Rad1 Bf8 22. h4 Qb5 23. Qf3
Red8 24. h5 h6 $11 {1/2-1/2 Gelfand,B-Lautier,J/8th Amber Rapidplay, Monte
Carlo MNC 1999 (52)}) 14... cxd4 15. cxd4 Qb7 16. Qe2 Rfd8 17. h4 Rac8 18. h5
h6 19. Rd3 Nb8 20. Bf4 Nd7 21. e5 b5 22. g4 Qd5 23. Rad1 Nf8 24. g5 $36 {
1-0 Sakaev,K-Kaiumov,D/International Open, Dubai UAE 1999 (39)}) 13. Rd1 Ba6
14. Bxa6 Nxa6 (14... Qxa6 15. d5 Qb7 16. c4 exd5 17. exd5 $16) 15. Bf4 cxd4 16.
cxd4 Qb7 17. Qe2 Rac8 18. Rd3 {It's important not to let black rook on c3,
plus with the rook on the third rank black king doesn't feel so safe.} Nc7 (
18... Nb8 19. Rad1 Nd7 20. h4 $14) 19. Ne5 f6 $2 {I was quite happy to see
this move, but it's probably the best.} (19... Ne8 $142 20. Qh5 Bd6 (20... g6
21. Qf3 {Now black cannot play Nf6 due to the unpleasant pin Bg5} Nd6 (21... f5
22. Re1 fxe4 (22... Nf6 23. exf5 Qxf3 24. Nxf3 gxf5 25. Rxe6 $18) 23. Rxe4 Nf6
24. Re1 Qxf3 25. Nxf3 $16) 22. d5 $16 {[%cal Ge5c6]}) 21. Rg3 $6 f6 22. Rh3 g5
23. Bxg5 Bxe5 24. dxe5 fxg5 25. Qxg5+ Kh8 $19 {0-1 Gershon,A-Gurevich,M/
Antwerp BEL 1999 (33)}) 20. Ng4 Kh8 $1 (20... h5 21. Nh6+ gxh6 22. Rg3+ Kh8 23.
Qxh5 Qxe4 24. Bxh6 $18) (20... Nb5 21. Nh6+ gxh6 (21... Kf8 22. Qh5 {[%cal
Gh5b5]}) 22. Rg3+ Kh8 23. Qxb5 $14) 21. Re1 Qa6 22. Qd1 $5 (22. Red1 $142 {
[%cal Ge2a2]} Nb5 23. Rb3) 22... Bxa3 (22... e5 23. Bxe5 fxe5 24. Nxe5 Rf8 25.
Rh3 Rf6 26. Qh5 $16) 23. Rh3 Bf8 (23... Bb4 $8 24. Ne5 (24. Nxf6 gxf6 25. Rxh7+
(25. Qh5 Rd7) 25... Kxh7 26. Qh5+ Kg8 27. Qg6+ Kf8 $19) 24... Bxe1 25. Rxh7+ (
25. Qh5 Bxf2+ 26. Kxf2 Qa2+ 27. Kg3 Qb3+ 28. Nf3 Kg8 29. Qxh7+ Kf7 {[%cal
Gd8h8]} 30. Qh5+ Ke7 31. Qg6 Rg8 $17) 25... Kxh7 26. Qh5+ $11) (23... Ne8 24.
Qa1 $18) 24. Ne5 $1 {[%cal Ge5f7,Ge5g6]} fxe5 25. Qh5 h6 26. Bxe5 Kh7 $2 ({
Of more resistance would be:} 26... Kg8 27. Qg6 Qa5 28. Rf1 Qb5 29. Rxh6 Qe8
30. Qh7+ Kf7 31. Rg6 (31. f4 $40 {fritz})) 27. Qf7 Qb5 28. Bf4 (28. Bf4 Kh8 29.
Bxh6 gxh6 30. Rg3 Qg5 31. Rxg5 hxg5 32. Re3 g4 33. Qh5+ Kg8 34. Qxg4+ $18) 1-0

[Event "EU-ch 1st"]
[Site "Saint Vincent"]
[Date "2000.07.12"]
[Round "9"]
[White "Gershon, Alik"]
[Black "Anastasian, Ashot"]
[Result "1-0"]
[WhiteElo "2502"]
[BlackElo "2571"]
[Annotator "Gershon,A"]
[PlyCount "89"]
[EventDate "2000.07.03"]
[EventType "swiss"]
[EventRounds "11"]
[EventCountry "ITA"]
[SourceTitle "CBM 078"]
[Source "ChessBase"]
[SourceDate "2000.10.18"]
[SourceVersion "1"]
[SourceVersionDate "2000.10.18"]
[SourceQuality "1"]

1. d4 Nf6 2. c4 e6 3. Nf3 b6 4. a3 Bb7 5. Nc3 g6 6. Qc2 Bxf3 7. exf3 Bg7 (7...
Nc6 8. Be3 Bg7 9. O-O-O Ne7 (9... O-O 10. d5 Na5 11. h4 a6 12. g4 exd5 13. cxd5
b5 14. h5 Re8 15. hxg6 hxg6 16. g5 Nh7 17. f4 Rb8 18. f5 b4 19. fxg6 fxg6 20.
Qxg6 $1 Nf8 21. Qh5 bxc3 22. b4 {[%cal Ge3d4]} Rxe3 23. fxe3 Qe7 24. Bd3 $40 {
[...]. 1-0 Dreev,A-Kortschnoj,V/Yalta 1995/CBM 47 ext (39)}) 10. g4 d5 11. h4
h6 12. Be2 dxc4 13. h5 g5 14. Bxc4 c6 15. Kb1 Rc8 16. Qd2 Ned5 17. Nxd5 Nxd5
18. f4 gxf4 19. Bxf4 Nxf4 20. Qxf4 b5 21. Bb3 Qf6 22. Qe4 $13 {1-0 Slobodjan,
R-Speelman,J/Lippstadt GER 2000/The Week in Chess 297 (34)}) 8. Be3 (8. g4 O-O
9. Be3 d5 10. g5 Ne8 11. cxd5 exd5 12. f4 Nc6 13. Ne2 Ne7 14. Ng3 c5 15. dxc5
d4 16. Bd2 Rc8 17. Bh3 d3 18. Qb3 Rxc5 19. Bb4 Qd5 20. Qxd5 Nxd5 21. Bxc5 bxc5
$36 {1/2-1/2 Kozul,Z-Romanishin,O/Yerevan 1996/EXT 97 (39)}) (8. d5 O-O 9. Be2
exd5 10. cxd5 c6 11. dxc6 Nxc6 12. Qa4 a6 13. O-O b5 14. Qh4 Nh5 15. Bg5 Bf6
16. f4 h6 17. Bxf6 Qxf6 18. Qxf6 Nxf6 $11 {1/2-1/2 Lalic,B-Romanishin,O/
Germany 1996/GER-chT2 (29)}) 8... O-O 9. h4 (9. O-O-O d5 10. g4 dxc4 11. Bxc4
c6 12. h4 b5 (12... Nd5 13. Ne4 Nd7 14. h5 Qc7 15. hxg6 hxg6 16. Bxd5 exd5 17.
Nc3 Qd6 18. Qd2 Rfe8 19. Rh3 b5 20. Bh6 Bf6 21. Bg5 Bg7 22. Bh6 Bf6 23. Bg5 Bg7
{1/2-1/2 Huzman,A-Van der Wiel,J/Pula 1997/CBM 57 ext (23)}) 13. Bd3 b4 14.
axb4 a5 15. b5 cxb5 16. h5 Nc6 17. hxg6 fxg6 18. Bxg6 hxg6 19. g5 b4 20. gxf6
Qxf6 21. Ne4 $13 {1-0 Golod,V-Winants,L/Antwerp 1999/EXT 2000 (33)}) 9... Nc6
10. O-O-O d5 11. cxd5 exd5 (11... Nxd5 12. Nxd5 Qxd5 13. Bc4 Qd6 14. d5 $16)
12. g4 Na5 13. h5 Re8 {[%cal Gf6d7,Gd7f8]} (13... c5 14. hxg6 hxg6 15. dxc5 Rc8
16. g5 $18) 14. hxg6 hxg6 (14... fxg6 15. g5 Nh5 16. f4 $40 (16. b4 Nc4 17.
Nxd5 Nxe3 18. Nxe3 Qxg5 $132)) 15. Bd3 (15. Be2 $5 {[%cal Gf3f4,Gf4f5] Makes a
bit more sense than Bd3 since the logical plan is to advance f4-f5 and for
that purpose white should defend the 'g' pawn first.However, white has other
ideas....}) 15... c6 {[%csl Rd5] before he can think of any counterplay black
has to protect the d5 pawn} 16. Rh3 $1 (16. Bxg6 fxg6 17. Qxg6 Qe7 $17 {
[%cal Ge7f7]}) (16. Bh6 $2 Bxh6+ 17. Rxh6 Nxg4 $1 18. Rh3 (18. fxg4 Qg5+ 19.
Qd2 Nb3+ $19) 18... Nb3+ $5 19. Qxb3 Nxf2 $17) (16. Kb1 $5 Nc4 17. Bc1 Qd6 $14
{[%cal Gf6d7,Gd7f8]}) 16... Nc4 17. Bg5 (17. Bxc4 dxc4 18. Ne4 {is another plan
}) 17... Qd6 18. Bxg6 $5 {Although it seems more like an intuitive sacrafice,
it had to be based on a very percise calculation of variations.} (18. Rdh1 Nd7
19. Ne2 $36) 18... fxg6 19. Qxg6 {The threat is simply Rdh1 followed by Rh8#}
Kf8 (19... Nd7 $1 {During the game I thought that this was the best way for
black to continue} 20. Qh7+ Kf7 21. Rh6 Re6 22. Qf5+ Nf6 23. Qg6+ Kf8 24. Rdh1
{[%cal Gh6h8]} Rae8 (24... Bxh6 25. Rxh6 $1 Re1+ 26. Nd1 $18) 25. Rh8+ Ng8 $8 (
25... Bxh8 26. Rxh8+ Ke7 27. Qxe8# $1) 26. Qf5+ Rf6 27. Bxf6 Qxf6 28. R8h5 {
with a complicated game}) (19... Re6 20. Rdh1 Kf8 {-see 20... Re6}) 20. Rdh1
Re6 $8 (20... Qe6 21. Rh6 $3 {the key move of white's plan, without it black
is holding} (21. Rh8+ Ng8 $1 (21... Bxh8 22. Rxh8+ Ke7 23. Rh7+ Kd8 24. Qg7 $1
$18 {It's important not to take on f6 fisrt since white needs the bishop to
protect the 'd2' square} Qe1+ 25. Nd1)) 21... Bxh6 22. Rxh6 $18) (20... Ng8 21.
Qf5+ Nf6 22. Bh6 (22. Rh7 {[%cal Gh1h6]} Qe6 23. Qxe6 Rxe6 24. Bxf6 Rxf6 25.
Rh8+ Bxh8 26. Rxh8+ Ke7 27. Rxa8 Rxf3 28. Rxa7+ {see annotations to black's
26th move}) 22... Re7 23. g5 $18) 21. Bxf6 $8 (21. Rh8+ $2 Ng8 (21... Bxh8 $4
22. Rxh8+ Ke7 (22... Ng8 23. Rxg8#) 23. Qg7#) 22. Qf5+ Rf6 23. Bxf6 Qxf6 24.
R8h5 $13) (21. Qf5 Rae8 $17 {[%cal Ge6e1]}) (21. Rh6 Rae8 22. Rh8+ Ng8 23. Qf5+
Rf6 $15) 21... Qf4+ (21... Rxf6 22. Rh8+ Bxh8 23. Rxh8+ Ke7 24. Qg7+ Rf7 25.
Qg5+ Qf6 {see annotations to black's 26th move}) 22. Kb1 Rxf6 (22... Qxf6 23.
Qxf6+ Rxf6 24. Rh8+ Bxh8 25. Rxh8+ {see annotations to black's 26th move}) 23.
Rh8+ Bxh8 24. Rxh8+ Ke7 25. Qh7+ $1 {the move my opponent missed while playing
Re6} Rf7 26. Qh4+ Kd6 $2 (26... Qf6 $1 27. Qxf6+ Rxf6 28. Rxa8 Rxf3 29. Rxa7+
Ke6 {Although white is two pawns up black has very good drawing chances due to
the very poor coordination of white pieces} 30. Nd1 Rd3 31. Ne3 $1 (31. Kc1
Rxd4 32. g5 (32. f3 Rf4 $11) 32... Rg4 33. Rg7 $14) 31... Rxd4 32. Nxc4 Rxc4
33. f3 Rf4 34. Ra6 $16) 27. Rxa8 Qd2 28. Qd8+ {the next nine move where made
very quickly since both opponents were short on time and wanted to get some
time for thinking (each player had 30 sec added per move).} Ke6 29. Qe8+ Kf6
30. Qh8+ Ke6 31. Re8+ Kd7 (31... Kd6 32. Re2 (32. Rd8+ $6 Rd7 33. Qf8+ $2 Kc7
34. Rc8+ (34. Rxd7+ Kxd7 35. Qf7+ Kd6 36. Ne4+ dxe4 37. Qxc4 exf3 38. Qb4+ $1
Qxb4 39. axb4 Kd5 40. g5 Ke6 41. Kc2 (41. b5 cxb5 (41... c5) 42. Kc2 Kf5 43.
Kd3 Kxg5 44. Ke4 a5 45. Ke5 Kg6 46. d5 b4 47. Ke6 a4 48. d6 a3 49. bxa3 bxa3
50. d7 a2 $11) 41... Kf5 42. Kd3 Kxg5 43. Ke3 Kg4 44. Ke4 a6 45. Ke5 b5 46. b3
Kh3 47. Kf4 Kg2 48. Ke3 $18) 34... Kb7 35. Rb8+ Kc7 $11) 32... Qd3+ 33. Ka2
Qxf3 34. Qb8+ $18) 32. Rd8+ Ke6 (32... Kc7 33. Rc8+ Kd6 (33... Kb7 $2 34. Rb8+
Ka6 35. Qc8+ Ka5 36. b4#) 34. Qd8+ Ke6 (34... Rd7 35. Qf6#) 35. Rxc6+ $18) 33.
Qe8+ Kf6 (33... Re7 34. Qg6#) 34. Qh8+ (34. Ne4+) (34. Qxc6+ $4 Kg7 35. Na4
Qd1+ 36. Ka2 Nd2 37. Nc3 Qb3+ 38. Ka1 Qc2 $11 {[%cal Gd2b3,Gb3c1]}) 34... Ke7
35. Re8+ $2 (35. Qe8+ Kf6 36. Ne4+) 35... Kd7 36. Rd8+ Ke6 37. Qe8+ Kf6 38.
Ne4+ $1 $18 {This ends the story} dxe4 39. Qxc6+ Kg7 40. Qxc4 exf3 41. Qc8 Qxf2
42. Rg8+ Kh7 43. Rh8+ Kg7 44. Qg8+ Kf6 45. Rh6+ (45. Rh6+ Ke7 46. Qg5+ Kd7 47.
Qd5+ Ke8 (47... Kc7 48. Qc6+ Kd8 (48... Kb8 49. Rh8+ Rf8 50. Rxf8#) 49. Rh8+
$18 {[%cal Gh8e8]}) 48. Qe6+ Kd8 49. Rh8+ Kc7 50. Qxf7+ $18) 1-0

[Event "Belgrade GMA op"]
[Site "Belgrade"]
[Date "1988.??.??"]
[Round "?"]
[White "Naumkin, Igor"]
[Black "Gligoric, Svetozar"]
[Result "1-0"]
[WhiteElo "2440"]
[BlackElo "2500"]
[Annotator "Gligoric,S"]
[PlyCount "127"]
[EventDate "1988.12.??"]
[EventType "swiss"]
[EventRounds "9"]
[EventCountry "YUG"]
[SourceTitle "TD"]
[Source "ChessBase"]
[SourceDate "1994.03.01"]
[SourceVersion "1"]
[SourceVersionDate "1994.03.01"]
[SourceQuality "1"]

1. d4 Nf6 2. c4 e6 3. Nf3 b6 4. a3 Bb7 5. Nc3 d5 6. cxd5 exd5 7. g3 c5 8. Bg2
Be7 9. O-O O-O 10. Bf4 Nc6 11. dxc5 bxc5 12. Ne5 Nd4 13. Nc4 $1 Qc8 (13... Re8)
(13... Bc6) 14. Na5 (14. Nd6 $6 Bxd6 15. Bxd6 Re8 $13) 14... Ba6 15. Be5 Rd8 $1
16. Bxd4 (16. Rc1 Qg4 $1 $13) 16... cxd4 17. Qxd4 Bc5 $44 18. Qa4 $1 {/\ 18...
d4 19.Nc6!} Rd6 $1 19. Rac1 $6 (19. Nb3 $1 {>=} Bb6 20. Nd4 Ne4 $1 21. Rac1)
19... Qe8 $1 20. Nb3 (20. Qxe8+ $5 Rxe8 21. Nxd5 Bxf2+ 22. Rxf2 Nxd5 23. Rd1
Red8 24. e4 Ne3 $1 $13) 20... Bb6 $1 $13 21. Qf4 (21. Qxe8+ Rxe8 {/\ d4}) 21...
Rad8 22. Nd4 Ne4 $1 23. Nf5 Re6 24. Bxe4 $1 (24. Nxe4 dxe4 $15 {^^}) 24... dxe4
25. Rcd1 $1 e3 $1 26. Nxe3 Rxd1 (26... Rxe3 $2 27. Rxd8) 27. Nexd1 Bxe2 28. Re1
h6 $6 (28... Bxd1 $6 29. Rxe6 $16) (28... Bc4 {>=} 29. Rxe6 Bxe6 30. Ne3) 29.
Rxe2 Rxe2 30. Nxe2 Qxe2 31. Qa4 $14 h5 32. Kg2 g6 (32... g5 $5 {/\ g4}) 33. h3
Kg7 34. Qb3 $1 Bd4 35. Qf3 Qc2 36. b4 Qa2 37. Qd3 Qd5+ 38. Kg1 Qe5 39. Ne3 f5
40. Kg2 f4 41. Nc2 $5 (41. gxf4 $14) 41... Bb6 42. g4 $5 hxg4 43. hxg4 Qe6 44.
Qf3 {/\ Kf1, Ne1} g5 45. Kf1 Qc4+ 46. Qe2 Qd5 47. f3 $1 Kf6 $6 48. a4 $16 a5
49. bxa5 Bxa5 (49... Qxa5 50. Qb5 $1) 50. Na3 $1 Bb6 51. Nc4 Ba7 52. Ke1 $1 Qc5
53. Kd1 Qd5+ 54. Kc2 Bd4 55. Qd3 Qc5 56. Kb3 Qd5 57. Kc2 Qc5 58. Qb3 $1 Bg1 59.
Qc3+ Bd4 60. Qb3 Bg1 61. Qb5 $1 $18 {Naumkin} Qc8 (61... Qf2+ 62. Nd2 $18) 62.
Qe5+ Kg6 63. Qd6+ Kf7 64. Kd3 1-0